000 00866nam a2200253Ia 4500
003 OSt
005 20220926012313.0
006 a|||||r|||| 00| 0
007 ta
008 220923b |||||||| |||| 00| 0 eng d
020 _a9781107129733
_c6610.50
037 _b1679, 27/09/2017, Pranami Book Service
_cGeneral Book
040 _aRTL
_cRTL
_beng
041 _2eng
_aeng
082 _aY:582.5, Q7
100 _aSCHINKEL Willem
_9316094
245 0 _aImagined societies
_b A critique of immigrant integration in western europe
260 _aNew York
_bCambridge University Press
_c2017
300 _avii,271p.
_ccm.
490 _aStudies For The International Society For Cultural history
650 _aSociology
942 _hY:582.5, Q7
_cGB
_2CC
999 _c622451
_d622451